| 000 | 00514nam a2200157 i 4500 | ||
|---|---|---|---|
| 001 | 62149 | ||
| 003 | ES-MaACL | ||
| 007 | t| | ||
| 008 | 031118s1983 sp ||||1| spa d | ||
| 100 | 1 |
_aFay, John. _949015 |
|
| 245 | 1 | 0 |
_aHelicópteros _b: cómo vuelan, pilotaje, historia / _cJohn Fay ; [traducido por Juan Francisco Alvarez Hidalgo]. |
| 260 |
_aMadrid : _bParaninfo, _c1983. |
||
| 300 |
_a223 p. : _bil. ; _c22 cm. |
||
| 700 | 1 |
_aAlvarez Hidalgo, Juan Francisco. _920841 |
|
| 852 |
_aES-MaACL _jL-6545 _bR.107144 |
||
| 999 |
_c62149 _d62149 |
||